Catálogo
 En Linea

Compendio de normas sobre profesionalización de la función pública : (Registro nro. 48710)

Detalles MARC
000 -CABECERA
campo de control de longitud fija 01385nam a2200277 a 4500
001 - NÚMERO DE CONTROL
campo de control 000049222
003 - IDENTIFICADOR DEL NÚMERO DE CONTROL
campo de control DO-SdBNP
005 - FECHA Y HORA DE LA ÚLTIMA TRANSACCIÓN
campo de control 20250925135321.0
008 - DATOS DE LONGITUD FIJA--INFORMACIÓN GENERAL
campo de control de longitud fija 150203s2012 dr 000 0 spa d
040 ## - FUENTE DE LA CATALOGACIÓN
Centro catalogador/agencia de origen DO-SdBNP
Lengua de catalogación spa
Centro/agencia transcriptor BNPHU
082 ## - NÚMERO DE LA CLASIFICACIÓN DECIMAL DEWEY
Número de clasificación 342.068
Número de documento/Ítem R426c
110 2# - ENTRADA PRINCIPAL--NOMBRE DE ENTIDAD CORPORATIVA
Nombre de entidad corporativa o nombre de jurisdicción como elemento de entrada República Dominicana.
9 (RLIN) 447
240 10 - TÍTULO UNIFORME
Título uniforme [Leyes, etc.]
245 10 - MENCIÓN DE TÍTULO
Título Compendio de normas sobre profesionalización de la función pública :
Resto del título Ley de Función Pública y sus reglamentos de aplicación.
250 ## - MENCIÓN DE EDICIÓN
Mención de edición 2a ed.
260 ## - PUBLICACIÓN, DISTRIBUCIÓN, ETC.
Lugar de publicación, distribución, etc. Santo Domingo :
-- MAP,
Fecha de publicación, distribución, etc. 2012.
300 ## - DESCRIPCIÓN FÍSICA
Extensión 209 p. ;
Dimensiones 22 cm.
505 0# - NOTA DE CONTENIDO CON FORMATO
Nota de contenido con formato Ley no. 41-08 de función pública --
Título Reglamento de relaciones laborales en la administración pública. No. 523-09 --
-- Reglamento de reclutamiento y selección de personal en la administración pública. No. 524-09 --
-- Reglamento de evaluación del desenpeño y promoción de los servidores y funcionarios de la administración pública. No. 525-09 --
-- Reglamento de estructura organizativa, cargo y política salarial. No. 527-09
590 ## - NOTA LOCAL (RLIN)
Nota local Inventariado, 2019/VM
650 40 - PUNTO DE ACCESO ADICIONAL DE MATERIA--TÉRMINO DE MATERIA
Término de materia o nombre geográfico como elemento de entrada Carrera administrativa
Subdivisión geográfica República Dominicana
9 (RLIN) 35844
650 4# - PUNTO DE ACCESO ADICIONAL DE MATERIA--TÉRMINO DE MATERIA
Término de materia o nombre geográfico como elemento de entrada Administración pública
Subdivisión geográfica República Dominicana
9 (RLIN) 3011
700 12 - PUNTO DE ACCESO ADICIONAL--NOMBRE DE PERSONA
Nombre de persona Ventura Camejo, Ramón
Término indicativo de función/relación present.
9 (RLIN) 26937
710 1# - PUNTO DE ACCESO ADICIONAL--NOMBRE DE ENTIDAD CORPORATIVA
Nombre de entidad corporativa o nombre de jurisdicción como elemento de entrada República Dominicana
Unidad subordinada Ministerio de Administración Pública
9 (RLIN) 65952
910 ## - DATOS DE OPCIÓN DEL USUARIO (OCLC)
Datos de opción del usuario V/M
942 ## - ELEMENTOS DE PUNTO DE ACCESO ADICIONAL (KOHA)
Fuente del sistema de clasificación o colocación Dewey Decimal Classification
Tipo de ítem Koha Libro
Existencias
Estado de retiro Estado de pérdida Fuente del sistema de clasificación o colocación No para préstamo Código de colección Localización permanente Ubicación/localización actual Ubicación en estantería Fecha de adquisición Fuente de adquisición Número de inventario Total de préstamos Signatura topográfica completa Código de barras Fecha visto por última vez Precio válido a partir de Tipo de ítem Koha Restricciones de uso Número de copia
    Dewey Decimal Classification Préstamo restrigido Patrimonio Dominicano Biblioteca Nacional Pedro Henríquez Ureña Dominicana Depósito 19.07.2021 donado Inventariado 2021/BT   BNPHU PD 342.068 R426c 2021-25240 19.07.2021 19.07.2021 Libro y Folleto Colección Patrimonio Dominicano Excluido de préstamo e.2
    Dewey Decimal Classification Excluido de préstamo Patrimonio Dominicano Biblioteca Nacional Pedro Henríquez Ureña Patrimonio Dominicano Depósito 30.07.2019 Donación LF1   xxxx xxxx 2021-25488 25.06.2020 25.06.2020 Libro y Folleto Colección Patrimonio Dominicano    

Con tecnología Koha